000 00370nam a2200133Ia 4500
008 220217s9999||||xx |||||||||||||| ||und||
020 _a978-81-8404-335-8
082 _a005.133 KAZ
100 _aKazoun, Chafic and Lott, Joey
_96860
245 0 _aProgramming flex 2
260 _aSPD publications
_bMumbai
_c2010
300 _b250
650 _aPROGRAMMING LANGUAGE
999 _c179985
_d179985